<?xml version="1.0" encoding="UTF-8"?>
<record
    xmlns:xsi="http://www.w3.org/2001/XMLSchema-instance"
    xsi:schemaLocation="http://www.loc.gov/MARC21/slim http://www.loc.gov/standards/marcxml/schema/MARC21slim.xsd"
    xmlns="http://www.loc.gov/MARC21/slim">

  <leader>01566nam0a2200325   4500</leader>
  <controlfield tag="001">RU\NLR\bibl\1664952</controlfield>
  <controlfield tag="005">20260406050917.0</controlfield>
  <datafield tag="010" ind1=" " ind2=" ">
    <subfield code="a">978-5-98842-120-7</subfield>
    <subfield code="9">1000</subfield>
  </datafield>
  <datafield tag="021" ind1=" " ind2=" ">
    <subfield code="a">RU</subfield>
    <subfield code="b">2010-48411</subfield>
    <subfield code="9">3218</subfield>
  </datafield>
  <datafield tag="035" ind1=" " ind2=" ">
    <subfield code="a">(NLR Aleph) 001656228</subfield>
  </datafield>
  <datafield tag="090" ind1=" " ind2=" ">
    <subfield code="a">952961</subfield>
    <subfield code="c">952961</subfield>
  </datafield>
  <datafield tag="100" ind1=" " ind2=" ">
    <subfield code="a">20100817d2010    |||y0rusy50      ca</subfield>
  </datafield>
  <datafield tag="101" ind1="0" ind2=" ">
    <subfield code="a">rus</subfield>
  </datafield>
  <datafield tag="102" ind1=" " ind2=" ">
    <subfield code="a">RU</subfield>
  </datafield>
  <datafield tag="105" ind1=" " ind2=" ">
    <subfield code="a">a   |||||||||</subfield>
  </datafield>
  <datafield tag="200" ind1="1" ind2=" ">
    <subfield code="a">&#x41C;&#x43E;&#x442;&#x43E;&#x446;&#x438;&#x43A;&#x43B;&#x44B; &#x414;&#x43D;&#x435;&#x43F;&#x440;, &#x423;&#x440;&#x430;&#x43B;</subfield>
    <subfield code="e">&#x41A;-750; &#x41A;-650; &#x41C;&#x422;9; &#x41C;&#x422;10; &#x41C;&#x422;10-36; &#x414;&#x43D;&#x435;&#x43F;&#x440;-11; &#x414;&#x43D;&#x435;&#x43F;&#x440;-12; &#x414;&#x43D;&#x435;&#x43F;&#x440;-16; &#x41C;-61; &#x41C;-62; &#x41C;-63; &#x41C;-66; &#x41C;-67; &#x41C;67-36; &#x41C;-72</subfield>
    <subfield code="e">&#x43F;&#x440;&#x430;&#x43A;&#x442;&#x438;&#x447;&#x435;&#x441;&#x43A;&#x43E;&#x435; &#x440;&#x443;&#x43A;&#x43E;&#x432;&#x43E;&#x434;&#x441;&#x442;&#x432;&#x43E;</subfield>
    <subfield code="f">[&#x421;. &#x410;&#x444;&#x43E;&#x43D;&#x438;&#x43D;]</subfield>
  </datafield>
  <datafield tag="210" ind1=" " ind2=" ">
    <subfield code="a">&#x411;&#x430;&#x442;&#x430;&#x439;&#x441;&#x43A;</subfield>
    <subfield code="c">&#x421;&#x432;&#x435;&#x440;&#x447;&#x43E;&#x43A; &#x42A;</subfield>
    <subfield code="d">2010</subfield>
  </datafield>
  <datafield tag="215" ind1=" " ind2=" ">
    <subfield code="a">157, [3] &#x441;.</subfield>
    <subfield code="c">&#x438;&#x43B;.</subfield>
    <subfield code="d">29</subfield>
  </datafield>
  <datafield tag="225" ind1="1" ind2=" ">
    <subfield code="a">&#x421;&#x435;&#x440;&#x438;&#x44F; &#x420;&#x435;&#x43C;&#x43E;&#x43D;&#x442; &#x432; &#x434;&#x43E;&#x440;&#x43E;&#x433;&#x435;. &#x420;&#x435;&#x43C;&#x43E;&#x43D;&#x442; &#x432; &#x433;&#x430;&#x440;&#x430;&#x436;&#x435;</subfield>
  </datafield>
  <datafield tag="300" ind1=" " ind2=" ">
    <subfield code="a">&#x412; &#x43C;&#x430;&#x43A;&#x435;&#x442;&#x435; &#x437;&#x430;&#x433;&#x43B;.:</subfield>
  </datafield>
  <datafield tag="517" ind1="0" ind2=" ">
    <subfield code="a">&#x41C;&#x43E;&#x442;&#x43E;&#x446;&#x438;&#x43A;&#x43B;&#x44B; &#x414;&#x43D;&#x435;&#x43F;&#x440;, &#x423;&#x440;&#x430;&#x43B;. &#x412;&#x441;&#x435; &#x43C;&#x43E;&#x434;&#x438;&#x444;&#x438;&#x43A;&#x430;&#x446;&#x438;&#x438;. &#x420;&#x435;&#x43C;&#x43E;&#x43D;&#x442; &#x432; &#x434;&#x43E;&#x440;&#x43E;&#x433;&#x435;. &#x420;&#x435;&#x43C;&#x43E;&#x43D;&#x442; &#x432; &#x433;&#x430;&#x440;&#x430;&#x436;&#x435;</subfield>
  </datafield>
  <datafield tag="606" ind1="1" ind2=" ">
    <subfield code="a">"&#x414;&#x43D;&#x435;&#x43F;&#x440;", &#x43C;&#x43E;&#x442;&#x43E;&#x446;&#x438;&#x43A;&#x43B;&#x44B; &#x441; &#x43A;&#x43E;&#x43B;&#x44F;&#x441;&#x43A;&#x43E;&#x439;</subfield>
    <subfield code="j">&#x420;&#x443;&#x43A;&#x43E;&#x432;&#x43E;&#x434;&#x441;&#x442;&#x432;&#x430;, &#x43F;&#x43E;&#x441;&#x43E;&#x431;&#x438;&#x44F; &#x438; &#x442;.&#x43F;.</subfield>
    <subfield code="x">&#x420;&#x435;&#x43C;&#x43E;&#x43D;&#x442;</subfield>
    <subfield code="9">2226835</subfield>
    <subfield code="3">RU\NLR\auth\661336779</subfield>
  </datafield>
  <datafield tag="606" ind1="1" ind2=" ">
    <subfield code="a">"&#x423;&#x440;&#x430;&#x43B;", &#x43C;&#x43E;&#x442;&#x43E;&#x446;&#x438;&#x43A;&#x43B;&#x44B; &#x441; &#x43A;&#x43E;&#x43B;&#x44F;&#x441;&#x43A;&#x43E;&#x439;</subfield>
    <subfield code="j">&#x420;&#x443;&#x43A;&#x43E;&#x432;&#x43E;&#x434;&#x441;&#x442;&#x432;&#x430;, &#x43F;&#x43E;&#x441;&#x43E;&#x431;&#x438;&#x44F; &#x438; &#x442;.&#x43F;.</subfield>
    <subfield code="x">&#x420;&#x435;&#x43C;&#x43E;&#x43D;&#x442;</subfield>
    <subfield code="9">2226837</subfield>
    <subfield code="3">RU\NLR\auth\661336780</subfield>
  </datafield>
  <datafield tag="686" ind1=" " ind2=" ">
    <subfield code="a">&#x41E;361.7-083&#x44F;7</subfield>
  </datafield>
  <datafield tag="702" ind1=" " ind2="1">
    <subfield code="4">220</subfield>
    <subfield code="8">rus</subfield>
    <subfield code="7">ca</subfield>
    <subfield code="a">&#x410;&#x444;&#x43E;&#x43D;&#x438;&#x43D;</subfield>
    <subfield code="b">&#x421;. &#x412;.</subfield>
    <subfield code="3">RU\NLR\auth\776306</subfield>
    <subfield code="9">116260</subfield>
  </datafield>
  <datafield tag="801" ind1=" " ind2="0">
    <subfield code="a">RU</subfield>
    <subfield code="b">NLR</subfield>
    <subfield code="c">20100817</subfield>
    <subfield code="g">RCR</subfield>
  </datafield>
  <datafield tag="801" ind1=" " ind2="1">
    <subfield code="a">RU</subfield>
    <subfield code="b">NLR</subfield>
    <subfield code="c">20100817</subfield>
  </datafield>
  <datafield tag="942" ind1=" " ind2=" ">
    <subfield code="c">BOOK</subfield>
  </datafield>
  <datafield tag="980" ind1=" " ind2=" ">
    <subfield code="a">NB</subfield>
  </datafield>
  <datafield tag="995" ind1=" " ind2=" ">
    <subfield code="5">2010-08-17</subfield>
    <subfield code="a">ad</subfield>
    <subfield code="b">NLR01</subfield>
    <subfield code="c">NLR01</subfield>
    <subfield code="e">NTD</subfield>
    <subfield code="f">1-338884</subfield>
    <subfield code="k">&#x41F;&#x442; 2010-2/78</subfield>
    <subfield code="o">0</subfield>
    <subfield code="r">BOOK</subfield>
    <subfield code="s">_2010278</subfield>
  </datafield>
  <datafield tag="995" ind1=" " ind2=" ">
    <subfield code="5">2010-08-17</subfield>
    <subfield code="a">ad</subfield>
    <subfield code="b">NLR01</subfield>
    <subfield code="c">NLR01</subfield>
    <subfield code="e">NTD04</subfield>
    <subfield code="f">1-338885</subfield>
    <subfield code="k">&#x41F;&#x442; 2010-2/78</subfield>
    <subfield code="o">0</subfield>
    <subfield code="r">BOOK</subfield>
    <subfield code="s">_2010278</subfield>
  </datafield>
</record>
